| 000 | 00870nam a22002777a 4500 | ||
|---|---|---|---|
| 001 | 8615 | ||
| 003 | FISKH | ||
| 005 | 20251002155218.0 | ||
| 008 | 251002b cb ||||| |||| 00| 0 eng d | ||
| 020 | _a9780194802567 | ||
| 040 |
_aFISKH _beng _cFISKH _dFISKH |
||
| 050 | _aBZ7 | ||
| 082 | _a428 | ||
| 100 |
_aArengo, Sue _eAuthor |
||
| 245 |
_aFamily and friends : _bThe town mouse and the country mouse _cArengo, Sue |
||
| 260 |
_aNew York : _bOxford university press ; _c2009. |
||
| 300 |
_a29 pages : _bcolor illustrations ; _c25 cm. |
||
| 505 | _aE | ||
| 520 | _aAn exceptionally strong skills training programme which covers language skills, phonics, and civic education skills. | ||
| 521 | 8 |
_a260
_bLexile |
|
| 521 | 8 |
_aE
_bRaz-Plus |
|
| 650 |
_aMouse _vFriendship |
||
| 700 |
_aAldous, Kate _eIllustrator |
||
| 942 |
_2ddc _cBK _n0 |
||
| 999 |
_c8615 _d8615 |
||